Concrete structures repair, rehabilitation and retrofitting

Gespeichert in:
Bibliographische Detailangaben
1. Verfasser: BHATTACHARJEE, J.
Format: Buch
Sprache:Englisch
Veröffentlicht: CBS Publishers 2017
Tags: Tag hinzufügen
Keine Tags, Fügen Sie den ersten Tag hinzu!

MARC

LEADER 00000nam a22000007a 4500
008 231201b |||||||| |||| 00| 0 eng d
020 |a 9789383915901 
100 |a BHATTACHARJEE, J. 
245 |a Concrete structures  |b repair, rehabilitation and retrofitting  |c /J. Bhattacharjee  |g xiv, 361p;ill 
260 |b CBS Publishers  |c 2017  |h New Delhi  |i 699932  |i 699933  |l TA683.2.B46  |m Reinforced concrete construction - India  |m Buildings- Repair and reconstruction - India  |m  Concrete construction - India 
500 |a It includes references and index 
942 I |a lcc  |c BK  |e Johnson  |f 01/12/23 
952 |0 0  |1 0  |2 lcc  |4 0  |6 TA06832 B46  |7 0  |9 4660  |a TL  |b HOL  |c QZ  |d 2023-12-01  |l 0  |o TA683.2.B46  |p 2023-0575  |r 2023-12-01 00:00:00  |t 699932  |w 2023-12-01  |y BK 
952 |0 0  |1 0  |2 lcc  |4 0  |6 TA06832 B46  |7 0  |9 4661  |a HOL  |b HOL  |c QZ  |d 2023-12-01  |l 0  |o TA683.2.B46  |p 2023-0576  |r 2023-12-01 00:00:00  |t 699933  |w 2023-12-01  |y BK 
999 |c 2337  |d 2337